000 01564nam2a2200313 4500
001 RU\NLR\BIBL_A\011326012
005 20250806204213.0
035 _a(NLR Aleph) 011326012
090 _a59775
_c59775
100 _a20250806 rusy50
101 0 _arus
102 _aRU
135 _acrgn 008anaba
200 0 _a1943, ненум. вып. (20 мая)
210 _d1943
325 1 _aКопия доступна в электронной библиотеке РНБ
461 0 _1001RU\NLR\BIBL_A\010704076
_12001#$aЗа военный урожай$eоднодневная газета РК ВКП (б) и исполкома райсовета депутатов трудящихся Ленинского района, посвященная проведению весеннего сева$v1943, ненум. вып. (20 мая)
852 _aNLR
_jОдн1943/19
856 0 _uhttp://vivaldi.nlr.ru/pn000150836/view
856 1 _uhttp://vivaldi.nlr.ru/pn000150836/cover
856 2 _uhttp://vivaldi.nlr.ru/pn000150836/text
901 _eГазеты
942 _cISSNP
945 _aРоссийская национальная библиотека
980 _aNB
980 _aBV
981 3 7 _a(37) Ленинград в Великой Отечественной войне
_b(37) Газеты блокадного Ленинграда
981 2 7 _a(27) Периодические издания
_b(27) Газеты